000 00376nam a2200157Ia 4500
008 230711s9999||||xx |||||||||||||| ||und||
041 _aENG
082 _a720
_bGO-D
100 _aGolany,Gideon S
245 0 _aDesign for Arid Regions
250 _a1st . Ed.
260 _c1991
_aNew York
_bVan Nostrand Reinhold Co.
300 _a334
650 _aArchitecture
942 _cBK
999 _c1924
_d1924